Central Library OPAC University of Rajshahi

Poetry of the Restoration, 1653-1700 / (Record no. 18738)

MARC details
000 -LEADER
fixed length control field 00919cam a2200265 4500
001 - CONTROL NUMBER
control field 18738
003 - CONTROL NUMBER IDENTIFIER
rucl marc code BD-RjUL
005 - DATE AND TIME OF LATEST TRANSACTION
control field 20211209000328.0
008 - FIXED-LENGTH DATA ELEMENTS--GENERAL INFORMATION
fixed length control field 140222s1966 enkc b 001 0 eng
035 ## - SYSTEM CONTROL NUMBER
System control number (BD-RjUL)18796
040 ## - CATALOGING SOURCE
Original cataloging agency DLC
Transcribing agency DLC
Modifying agency DLC
-- BD-RjUL
Language of cataloging eng
041 ## - LANGUAGE CODE
Language code of text/sound track or separate title eng
082 00 - DEWEY DECIMAL CLASSIFICATION NUMBER
Classification number 827.408
Author mark and year PIP 1966
100 1# - MAIN ENTRY--PERSONAL NAME
Personal name Pinto, Vivian de Sola,
Dates associated with a name 1895-1969,
9 (RLIN) 57743
245 10 - TITLE STATEMENT
Title Poetry of the Restoration, 1653-1700 /
Statement of responsibility, etc. edited with an introduction, commentary and notes by Vivian de Sola Pinto.
260 ## - PUBLICATION, DISTRIBUTION, ETC. (IMPRINT)
Place of publication, distribution, etc. London :
Name of publisher, distributor, etc. Heinemann,
Date of publication, distribution, etc. c1966.
300 ## - PHYSICAL DESCRIPTION
Pagination ix, 134 p. :
Illustrations front. (port.). ;
Size 19 1/2 cm.
490 0# - SERIES STATEMENT
Series statement The Poetry bookshelf
504 ## - BIBLIOGRAPHY, ETC. NOTE
Bibliography, etc Includes bibliography (p. 13) and index.
650 #0 - SUBJECT ADDED ENTRY--TOPICAL TERM
Topical term or geographic name as entry element English poetry
Chronological subdivision Early modern, 1500-1700.
9 (RLIN) 4392
651 #0 - SUBJECT ADDED ENTRY--GEOGRAPHIC NAME
Geographic name Great Britain
General subdivision History
Chronological subdivision Restoration, 1660-1688
General subdivision Poetry.
9 (RLIN) 57744
942 ## - ADDED ENTRY ELEMENTS (KOHA)
Source of classification or shelving scheme Dewey Decimal Classification
Koha item type Books
Holdings
Lost status Source of classification or shelving scheme Damaged status Not for loan Collection code Permanent Location Current Location Shelving location Date acquired Source of acquisition Cost, normal purchase price Total Checkouts Full call number Date last seen Copy number Koha item type
  Dewey Decimal Classification   Not For Loan Fiction Central Library, University of Rajshahi Central Library, University of Rajshahi Reading Room 30/12/1976 UNESCO 0.45   827.408 PIP 1966 22/02/2014 C-1 Books